000 01339cam a22003618i 4500
001 20112716
003 OSt
005 20221022104558.0
008 171031s2018 enk b 001 0 eng
010 _a 2017041700
020 _a9781138562936 (hbk)
020 _z9781315121390 (ebk)
040 _aDLC
_beng
_cDLC
_erda
_dDLC
042 _apcc
050 0 0 _aHD9506.A2
_bM5438 2018
082 0 0 _a333.8/16
_223
245 0 0 _aMining and sustainable development :
_bcurrent issues /
_cedited by Sumit K. Lodhia.
264 1 _aLondon ;
_aNew York :
_bRoutledge, Taylor & Francis Group,
_c2018.
300 _axvii, 256 pages ;
_c25 cm.
336 _atext
_btxt
_2rdacontent
337 _aunmediated
_bn
_2rdamedia
338 _avolume
_bnc
_2rdacarrier
490 0 _aRoutledge studies of the extractive industries and sustainable development
504 _aIncludes bibliographical references and index.
650 0 _aMineral industries.
650 0 _aMines and mineral resources
_xEconomic aspects.
650 0 _aMines and mineral resources
_xEnvironmental aspects.
650 0 _aSustainable development.
700 1 _aLodhia, Sumit K.,
_eeditor.
906 _a7
_bcbc
_corignew
_d1
_eecip
_f20
_gy-gencatlg
942 _2lcc
_cBOOKS
999 _c31390
_d31390